1096 1128 1639 1188 1600 1301 1968 1078 1669 1896 1509 1273 1114 1553 1604 1910 1146 1323 1000 1757 1096 1285 1532 1568 1745 1332 1687 1324 1214 1165 1026 1519 1113 1958 1353 1714 1772 1513 1363 1504 1544 1361 1442 1032 1564 1475 1274 1764 1837 1501 1436 1640 1213 1512 1233 1684 1852 1008 1732 1951 1240 1886 1420 1902 1371 1447 1617 1015 1239 1406 1544 1251 1134 1689 1301 1161 1064 1055 1697 1742 1359 1876 1276 1806 1419 1990 1301 1358 1500 1302 1686 1342 1511 1235 1354 1277 1167 1689 1044 BCNSPRNW ULIB Ver.6.0+V

เปลี่ยนเป็นภาษาไทย

Change to English
 แสดงรายละเอียดบรรณานุกรม
  กลับหน้าหลัก

Brief Record : Get Marc (ISO 2709) : E-mail record : QR code < ปิดหน้าต่าง
LEADER : 00000nam 2200000uu 4500
001    13399123215
003     ULIB
008    020711s2551 th a 000 0 tha d
020    9789744263377
090    นว.^bภ682ข ล.1
100    ภูระริน จุปะมะตัง
245    ขอให้ฉันอยู่กับเธอตลอดไป เล่ม1/^cภูระริน จุปะมะตัง
250    พิมพ์ครั้งที่ 1
260    กรุงเทพฯ :^bเลมอน กรีน,^c2551
300    330 หน้า;^b21 ซม.
500     มี 2 เล่ม
710    เลมอน กรีน
945    ^p199^l0^i20351
999    ^aทศพร เกษรทอง
รายการนี้ยังไม่มีแท็ก
คุณยังไม่ได้ล็อกอิน คุณสามารถมีกิจกรรมร่วมกับเว็บไซต์ได้ แต่ต้องล็อกอินก่อน ::
  ล็อกอิน

รายการสื่อสารสนเทศ

ลำดับที่ ประเภท เลขเรียก/บาร์โค้ด สถานที่ สถานะ
1. นวนิยาย
นวนิยาย
นว. ภ682ข ล.1 ฉ.1 
  Barcode: 20351
ห้องสมุดวิทยาเขตนครสวรรค์
►นวนิยาย:l:Fiction
บนชั้น
Note: มี 2 เล่ม

รายการใกล้เคียง
    ผู้แต่ง [ภูระริน จุปะมะตัง]

BibComment


ยังไม่เคยถูกคอมเมนท์

คอมเมนท์ทรัพยากรรายการนี้
  คอมเมนท์: ขอให้ฉันอยู่กับเธ..


 Copyright 2026. Bcnsprnw @Library